000 01407cam a22004097a 4500
003 CHAP
005 20220817044431.0
008 110405s2009 it a r 00010 eng d
010 _a100851
011 _a101823
020 _a9789251064139
035 _a112511
040 _cCHAP
082 0 _a631.45
_bF21y v.8
110 2 _aFAO
245 1 0 _aReview of evidence on drylands pastoral systems and climate change :
_bimplications and opportunities for mitigation and adaptation
_c/por C. Neely, S. Bunning y A. Wilkes
260 _aRome :
_bFAO,
_c2009
300 _aviii, 38 p. : ilus.
490 0 _aLand and water discussion paper
_v; 8
590 _aBATCH-UPD
_b10
_c20130110
_lUCH01
_h1337
590 _aBATCH-UPD
_b10
_c20130410
_lUCH01
_h0840
590 _aBATCH-UPD
_b10
_c20130914
_lUCH01
_h0756
590 _aCONVERSION
_b10
_c20130109
_lUCH01
_h1356
650 1 4 _aCambio climático.
_917781
650 1 4 _aDesertificación.
_932128
650 1 4 _aGanado.
_944888
650 1 4 _aPastoreo.
_985984
650 1 4 _aRegiones áridas.
_995669
650 1 4 _aSuelos
_xRegiones áridas.
_9110475
700 1 _aBunning, S.
_e, ed.
_916079
700 1 _aNeely, C
_e, ed.
_980691
700 1 _aWilkes, A.
_e, ed.
_9121959
830 0 _aLand and water discussion paper
_v; 8
_964630
901 _aBK
942 _cLIBRO
949 _a631.45 F21y v.8
_bBC
_cFAO
_d33724002218504
_eFAO1
_gDonaciØn
_h114414
_i112511
_sb
999 _c100851
_d100851